1012 1598 1171 1102 1602 1125 1547 1661 1779 1729 1929 1152 1227 1809 1058 1836 1374 1461 1386 1445 1962 1582 1172 1180 1423 1761 1325 1753 1618 1278 1031 1748 1548 1952 1772 1921 1968 1241 1746 1089 1331 1520 1764 1209 1834 1058 1601 1272 1014 1082 1620 1520 1506 1727 1182 1421 1667 1169 1213 1813 1866 1913 1676 1615 1408 1477 1700 1615 1757 1458 1157 1453 1820 1254 1001 1080 1937 1333 1178 1303 1645 1614 1777 1551 1570 1473 1888 1551 1548 1740 1872 1416 1814 1421 1698 1578 1504 1688 1421 BCNSPRNW ULIB Ver.6.0+V

เปลี่ยนเป็นภาษาไทย

Change to English
 แสดงรายละเอียดบรรณานุกรม
  กลับหน้าหลัก

Brief Record : Get Marc (ISO 2709) : E-mail record : QR code < ปิดหน้าต่าง
LEADER : 00000nam 2200000uu 4500
001    13399121993
003     ULIB
008    121218s2552||||th 000 0 tha d
020    ^a9789746185875
060  4 ^aWG210^bค767ด 2552
110 1  ^aโรงพยาบาลรามคำแหง
245 00 ^aดูแลหัวใจ...ด้วยใจ/^cวทัญญู ปรัชญานนท์,บรรณษธิการ
250    ^aพิมพ์ครั้งที่ 1
260    ^aกรุงเทพฯ:^bโรงพยาบาลรามคำแหง,^c2552
300    ^a120 หน้า:^bภาพประกอบสี
650  0 ^aโรคหัวใจ
700 0  ^aวทัญญู ปรัชญานนท์,^eบรรณษธิการ
945    ^p190^l0^i18149
995    ^aกัณชพร
999 ^a ใช้งานได้ทุกระบบ
รายการนี้ยังไม่มีแท็ก
คุณยังไม่ได้ล็อกอิน คุณสามารถมีกิจกรรมร่วมกับเว็บไซต์ได้ แต่ต้องล็อกอินก่อน ::
  ล็อกอิน

รายการสื่อสารสนเทศ

ลำดับที่ ประเภท เลขเรียก/บาร์โค้ด สถานที่ สถานะ
- ไม่พบข้อมูล -

รายการใกล้เคียง
    หัวเรื่อง [โรคหัวใจ]

BibComment


ยังไม่เคยถูกคอมเมนท์

คอมเมนท์ทรัพยากรรายการนี้
  คอมเมนท์: ดูแลหัวใจด้วยใจ ..


 Copyright 2026. Bcnsprnw @Library